[Event "Pelotas Gaucho op"]
[Site "Pelotas"]
[Date "2023.10.13"]
[Round "3"]
[White "Sosa, Alexandro Brum"]
[Black "Pertuzatti, Daniel"]
[Result "1/2-1/2"]
[WhiteElo "1887"]
[BlackElo "1956"]
[PlyCount "76"]
[EventDate "2023.10.12"]
[EventType "swiss"]
[EventRounds "7"]
[EventCountry "BRA"]
[SourceTitle "Mega2024 Update 01"]
[Source "Chessbase"]
[SourceDate "2023.11.12"]
[SourceVersion "1"]
[SourceVersionDate "2023.11.12"]
[SourceQuality "1"]

1. e4 Nf6 2. e5 Nd5 3. d4 Nb6 4. a4 a5 5. Nf3 d5 6. exd6 exd6 7. Bd3 Be7 8. h3 Nc6 9. c3 0-0 10. 0-0 d5 11. Qc2 g6 12. Na3 Bf6 13. Bf4 Be6 14. Rfe1 Nc8 15. Nb5 Nd6 16. Nxd6 cxd6 17. Qd2 Qd7 18. Bg5 Bg7 19. Bh6 Rac8 20. Bxg7 Kxg7 21. Qf4 h6 22. h4 Rcd8 23. Re3 Qe7 24. Rae1 Qf6 25. Qxf6+ Kxf6 26. Nd2 Bd7 27. Bc2 Rfe8 28. Nf1 Ne7 29. f3 h5 30. Kf2 Rc8 31. Ra1 Be6 32. Ree1 Nc6 33. Ne3 Red8 34. Bb3 Ne7 35. Ra3 Rc6 36. Bc2 Rb6 37. Ra2 Rc8 38. Bd3 Nc6 1/2-1/2

[Event "Porto Alegre op"]
[Site "Porto Alegre"]
[Date "2023.05.07"]
[Round "7"]
[White "Pertuzatti, Daniel"]
[Black "Jardim, Frederico Rodrigues"]
[Result "1-0"]
[WhiteElo "1949"]
[BlackElo "1800"]
[PlyCount "49"]
[EventDate "2023.05.05"]
[EventType "swiss"]
[EventRounds "7"]
[EventCountry "BRA"]
[SourceTitle "CBM 214 Extra"]
[Source "ChessBase"]
[SourceDate "2023.07.31"]
[SourceVersion "1"]
[SourceVersionDate "2023.07.31"]
[SourceQuality "1"]

1. e4 e5 2. f4 d5 3. Nc3 exf4 4. Nf3 dxe4 5. Nxe4 Bf5 6. Qe2 Bxe4 7. Qxe4+ Qe7 8. Qxe7+ Bxe7 9. d4 Bd6 10. Bc4 Nc6 11. c3 Nge7 12. Ng5 0-0 13. Ne4 Nf5 14. 0-0 Rae8 15. Bd3 Ne3 16. Nxd6 cxd6 17. Rxf4 Nd5 18. Rf1 Ne3 19. Rf3 Nd1 20. Kf1 Re7 21. Bg5 f6 22. Rxd1 fxg5 23. Bc4+ Ref7 24. Re1 g6 25. Rxf7 1-0

[Event "Porto Alegre op"]
[Site "Porto Alegre"]
[Date "2023.05.06"]
[Round "2"]
[White "Pertuzatti, Daniel"]
[Black "Pereira, Armando Scharlau"]
[Result "1-0"]
[WhiteElo "1949"]
[BlackElo "1574"]
[PlyCount "85"]
[EventDate "2023.05.05"]
[EventType "swiss"]
[EventRounds "7"]
[EventCountry "BRA"]
[SourceTitle "CBM 214 Extra"]
[Source "ChessBase"]
[SourceDate "2023.07.31"]
[SourceVersion "1"]
[SourceVersionDate "2023.07.31"]
[SourceQuality "1"]

1. e4 d6 2. Bc4 c6 3. d4 b5 4. Bb3 Nf6 5. Qe2 e5 6. d5 Bd7 7. Bg5 c5 8. c4 a6 9. Nc3 b4 10. Nd1 a5 11. Nf3 a4 12. Bc2 Be7 13. 0-0 0-0 14. h3 Na6 15. Nh2 Nc7 16. Bd3 Nfxd5 17. Bd2 Nf6 18. Ne3 Ne6 19. Nf5 Nd4 20. Nxd4 exd4 21. f4 Kh8 22. g4 Ng8 23. Nf3 f6 24. Kh2 Qc7 25. Rae1 Rae8 26. Bb1 Bd8 27. Qd3 g6 28. Kg3 Bc6 29. h4 Qg7 30. Bc1 Bc7 31. Kf2 Nh6 32. Rg1 Qd7 33. f5 Nf7 34. fxg6 Ne5 35. Qd2 Nxc4 36. Qh6 Qg7 37. h5 Re7 38. Nh4 Ne3 39. Bxe3 dxe3+ 40. Qxe3 f5 41. h6 fxg4+ 42. Kg2 hxg6 43. hxg7+ 1-0

[Event "Florianopolis op 9th"]
[Site "Florianopolis"]
[Date "2023.01.28"]
[Round "8"]
[White "Costa, Paulo Sergio"]
[Black "Pertuzatti, Daniel"]
[Result "0-1"]
[WhiteElo "1721"]
[BlackElo "1973"]
[PlyCount "57"]
[EventDate "2023.01.23"]
[EventType "swiss"]
[EventRounds "10"]
[EventCountry "BRA"]
[SourceTitle "CBM 212 Extra"]
[Source "ChessBase"]
[SourceDate "2023.03.31"]
[SourceVersion "1"]
[SourceVersionDate "2023.03.31"]
[SourceQuality "1"]

1. d4 d5 2. Nf3 c5 3. c3 Nc6 4. Bf4 Qb6 5. b3 cxd4 6. Nxd4 f6 7. Nxc6 bxc6 8. Be3 Qc7 9. g3 e5 10. Bg2 Bd6 11. 0-0 Ne7 12. f3 c5 13. Na3 Qa5 14. Qc1 h5 15. f4 e4 16. Rd1 Bb7 17. Bxe4 dxe4 18. Nc4 Qa6 19. Nxd6+ Kf8 20. Nxb7 Qxb7 21. Bxc5 h4 22. g4 h3 23. Qe3 Re8 24. Rd4 Kf7 25. Bxe7 Rxe7 26. Rad1 Qc8 27. f5 Rh4 28. Rd8 Rxg4+ 29. Kf2 0-1

[Event "Florianopolis Autumn op U2300"]
[Site "Florianopolis"]
[Date "2022.05.14"]
[Round "4"]
[White "Cezar, Ricardo de Almeida"]
[Black "Pertuzatti, Daniel"]
[Result "1/2-1/2"]
[WhiteElo "1782"]
[BlackElo "2021"]
[PlyCount "65"]
[EventDate "2022.05.13"]
[EventType "swiss"]
[EventRounds "6"]
[EventCountry "BRA"]
[SourceTitle "CBM 208 Extra"]
[Source "ChessBase"]
[SourceDate "2022.07.31"]
[SourceVersion "1"]
[SourceVersionDate "2022.07.31"]
[SourceQuality "1"]

1. d4 f5 2. Bf4 Nf6 3. e3 e6 4. Nf3 b6 5. c4 Bb7 6. Nc3 Be7 7. h3 0-0 8. Be2 Ne4 9. Nxe4 fxe4 10. Nd2 d5 11. 0-0 Bd6 12. Bxd6 Qxd6 13. f3 Qg3 14. Qe1 Qg5 15. f4 Qg6 16. Qh4 Nd7 17. Bh5 Qh6 18. Qg5 Qxg5 19. fxg5 c5 20. Bg4 Rfe8 21. cxd5 Bxd5 22. Rac1 Rac8 23. b3 b5 24. Be2 a6 25. a4 cxd4 26. exd4 bxa4 27. bxa4 a5 28. Bb5 Rxc1 29. Rxc1 Rd8 30. Re1 Nb8 31. Kf2 Nc6 32. Ke3 e5 33. dxe5 1/2-1/2

[Event "Florianopolis Autumn op U2300"]
[Site "Florianopolis"]
[Date "2022.05.13"]
[Round "1"]
[White "Pertuzatti, Daniel"]
[Black "Eger, Laura Luisa"]
[Result "0-1"]
[WhiteElo "2021"]
[BlackElo "1733"]
[PlyCount "178"]
[EventDate "2022.05.13"]
[EventType "swiss"]
[EventRounds "6"]
[EventCountry "BRA"]
[SourceTitle "CBM 208 Extra"]
[Source "ChessBase"]
[SourceDate "2022.07.31"]
[SourceVersion "1"]
[SourceVersionDate "2022.07.31"]
[SourceQuality "1"]

1. e4 e5 2. Nf3 Nc6 3. Bb5 a6 4. Ba4 Nf6 5. 0-0 b5 6. Bb3 Bc5 7. d3 d6 8. a4 Rb8 9. axb5 axb5 10. Bg5 h6 11. Be3 Bxe3 12. fxe3 0-0 13. Qe1 Be6 14. Nbd2 Qe7 15. Nh4 Ra8 16. Rxa8 Rxa8 17. Nf5 Bxf5 18. Rxf5 Na5 19. Ba2 Nc6 20. Qb1 g6 21. Rf3 Kg7 22. Nf1 Nd8 23. Bb3 Ne6 24. Ng3 Ng5 25. Rf1 Ne6 26. c3 Nc5 27. Bc2 Qe6 28. b4 Ncd7 29. Bb3 Qe8 30. h3 Qb8 31. Nh1 Qa7 32. d4 c6 33. Nf2 Rf8 34. Qd1 Qa3 35. Qc2 Nb6 36. Rb1 Re8 37. Qd1 Nc4 38. Nd3 Qa7 39. Ra1 Qb6 40. Bxc4 bxc4 41. Nb2 Nxe4 42. Nxc4 Qb5 43. Qb3 exd4 44. Ra5 Qb7 45. exd4 d5 46. Ne5 f6 47. Nd3 Qe7 48. Qa3 Kg8 49. Ra8 Nd2 50. Qa7 Qxa7 51. Rxa7 Re3 52. Nf4 Rxc3 53. Nxg6 Rc4 54. Kf2 Rxb4 55. Ke3 Nb3 56. Ne7+ Kf8 57. Nf5 Rc4 58. Rb7 Rc3+ 59. Kf4 c5 60. Rb8+ Kf7 61. dxc5 Nxc5 62. Nxh6+ Kg6 63. Ng8 Ne6+ 64. Kg4 f5+ 65. Kh4 Rc7 66. Rb6 Rh7+ 67. Kg3 Kf7 68. Rd6 Rg7+ 69. Kf2 Rxg8 70. Rxd5 Rxg2+ 71. Kf3 Rg5 72. Ra5 Rh5 73. h4 Kf6 74. Ra4 f4 75. Kg4 Rf5 76. Ra3 Kg6 77. Rf3 Rf8 78. Rd3 Kf6 79. h5 Ke5 80. Rd1 Rg8+ 81. Kh4 f3 82. h6 Kf4 83. Kh5 Rg5+ 84. Kh4 Rg2 85. Kh5 Nf8 86. Rd4+ Kf5 87. Rd5+ Ke4 88. Rd8 Rg8 89. h7 Nxh7 0-1

[Event "Chapeco op"]
[Site "Chapeco"]
[Date "2022.02.13"]
[Round "6"]
[White "Pertuzatti, Daniel"]
[Black "Diamant, Andre"]
[Result "0-1"]
[WhiteElo "2017"]
[BlackElo "2537"]
[PlyCount "74"]
[EventDate "2022.02.11"]
[EventType "swiss"]
[EventRounds "6"]
[EventCountry "BRA"]
[SourceTitle "CBM 207 Extra"]
[Source "ChessBase"]
[SourceDate "2022.05.31"]
[SourceVersion "1"]
[SourceVersionDate "2022.05.31"]
[SourceQuality "1"]

1. e4 c5 2. Nf3 e6 3. d4 cxd4 4. Nxd4 a6 5. c4 Nf6 6. Nc3 Qc7 7. Be2 Bb4 8. f3 Bxc3+ 9. bxc3 d6 10. 0-0 0-0 11. Bg5 Nbd7 12. Rb1 b6 13. Qe1 Bb7 14. Qg3 Rac8 15. Rfd1 Kh8 16. Nc2 e5 17. Ne3 Ne8 18. Be7 Rg8 19. Nf5 f6 20. Nxd6 Nxd6 21. Bxd6 Qc6 22. Qf2 Nc5 23. Bxc5 bxc5 24. Rd2 Rgd8 25. Rbd1 Rxd2 26. Rxd2 Qb6 27. Qe3 Bc6 28. Kf2 h6 29. g3 a5 30. Rd6 Kh7 31. Bd1 Qb8 32. Qd2 Be8 33. f4 Bg6 34. Bg4 Re8 35. Bf5 Bxf5 36. exf5 Qb1 37. Re6 Rb8 0-1

[Event "Florianopolis op 7th"]
[Site "Florianopolis"]
[Date "2021.01.23"]
[Round "8"]
[White "Pertuzatti, Daniel"]
[Black "Starke, Bruno Orlando"]
[Result "1/2-1/2"]
[WhiteElo "1949"]
[BlackElo "2170"]
[PlyCount "40"]
[EventDate "2021.01.18"]
[EventType "swiss"]
[EventRounds "10"]
[EventCountry "BRA"]
[SourceTitle "CBM 200 Extra"]
[Source "ChessBase"]
[SourceDate "2021.03.31"]
[SourceVersion "1"]
[SourceVersionDate "2021.03.31"]
[SourceQuality "1"]

1. e4 c5 2. Nf3 e6 3. d4 cxd4 4. Nxd4 Nc6 5. Nc3 Qc7 6. f4 a6 7. Be2 b5 8. Nxc6 Qxc6 9. Bf3 Bb7 10. Be3 Rc8 11. 0-0 Bc5 12. Bd4 b4 13. Ne2 Nf6 14. Kh1 Qb6 15. e5 Nd5 16. Qd2 0-0 17. c4 bxc3 18. bxc3 Qa5 19. f5 exf5 20. Qg5 Qd8 1/2-1/2

[Event "Florianopolis op 7th"]
[Site "Florianopolis"]
[Date "2021.01.18"]
[Round "1"]
[White "Umetsubo, Cesar Hidemitsu"]
[Black "Pertuzatti, Daniel"]
[Result "1-0"]
[WhiteElo "2371"]
[BlackElo "1949"]
[PlyCount "41"]
[EventDate "2021.01.18"]
[EventType "swiss"]
[EventRounds "10"]
[EventCountry "BRA"]
[SourceTitle "CBM 200 Extra"]
[Source "ChessBase"]
[SourceDate "2021.03.31"]
[SourceVersion "1"]
[SourceVersionDate "2021.03.31"]
[SourceQuality "1"]

1. d4 d5 2. c4 e5 3. dxe5 d4 4. Nf3 Nc6 5. g3 Nge7 6. Bg2 Ng6 7. 0-0 Ngxe5 8. b3 Bc5 9. Nbd2 Nxf3+ 10. Nxf3 Bg4 11. a3 a5 12. Ra2 Qe7 13. Rd2 0-0-0 14. Bb2 Rhe8 15. Qa1 f6 16. b4 axb4 17. axb4 Bxb4 18. Nxd4 Bxd2 19. Qa8+ Kd7 20. Bxc6+ Kd6 21. Qa3+ 1-0

[Event "Taubate op"]
[Site "Taubate"]
[Date "2020.10.31"]
[Round "1"]
[White "Pertuzatti, Daniel"]
[Black "Muniz, Henrique Rocha"]
[Result "1-0"]
[WhiteElo "1920"]
[BlackElo "1174"]
[PlyCount "37"]
[EventDate "2020.10.31"]
[EventType "swiss"]
[EventRounds "6"]
[EventCountry "BRA"]
[SourceTitle "CBM 199 Extra"]
[Source "ChessBase"]
[SourceDate "2021.01.31"]
[SourceVersion "1"]
[SourceVersionDate "2021.01.31"]
[SourceQuality "1"]

1. e4 c5 2. Nf3 d6 3. d4 cxd4 4. Nxd4 Nf6 5. Nc3 g6 6. f4 e5 7. Ndb5 a6 8. fxe5 axb5 9. exf6 Qxf6 10. Bxb5+ Bd7 11. Rf1 Qh4+ 12. g3 Qxh2 13. Qf3 f5 14. Rh1 Qxc2 15. Bd3 Qxc1+ 16. Rxc1 fxe4 17. Qxe4+ Be7 18. Nd5 Nc6 19. Rxc6 1-0

[Event "Sao Paulo Carnaval op"]
[Site "Sao Paulo"]
[Date "2020.02.24"]
[Round "6"]
[White "Pertuzatti, Daniel"]
[Black "Vitielo, Alecio Elias"]
[Result "1-0"]
[WhiteElo "1909"]
[BlackElo "1792"]
[PlyCount "45"]
[EventDate "2020.02.22"]
[EventType "swiss"]
[EventRounds "7"]
[EventCountry "BRA"]
[SourceTitle "CBM 195 Extra"]
[Source "ChessBase"]
[SourceDate "2020.05.31"]
[SourceVersion "1"]
[SourceVersionDate "2020.05.31"]
[SourceQuality "1"]

1. f4 d5 2. Nf3 Nf6 3. e3 g6 4. Be2 Bg7 5. 0-0 0-0 6. Qe1 c5 7. d3 Nc6 8. Qh4 Bg4 9. Nbd2 h6 10. h3 Bxf3 11. Nxf3 e6 12. g4 Nh7 13. Qg3 Qc7 14. c3 Rad8 15. d4 Nb8 16. Kg2 Nd7 17. Bd3 f5 18. Nh4 g5 19. Ng6 Rf6 20. gxf5 exf5 21. Bxf5 Kf7 22. Ne5+ Nxe5 23. fxe5 1-0

[Event "Sao Paulo Carnaval op"]
[Site "Sao Paulo"]
[Date "2020.02.23"]
[Round "3"]
[White "Ishikawa, Emilio Keiji"]
[Black "Pertuzatti, Daniel"]
[Result "0-1"]
[WhiteElo "1702"]
[BlackElo "1909"]
[PlyCount "90"]
[EventDate "2020.02.22"]
[EventType "swiss"]
[EventRounds "7"]
[EventCountry "BRA"]
[SourceTitle "CBM 195 Extra"]
[Source "ChessBase"]
[SourceDate "2020.05.31"]
[SourceVersion "1"]
[SourceVersionDate "2020.05.31"]
[SourceQuality "1"]

1. e4 Nf6 2. d3 d5 3. e5 Nfd7 4. d4 c5 5. c3 Nc6 6. a3 c4 7. Be2 Nb6 8. h3 Bf5 9. Nd2 e6 10. g4 Bg6 11. Ngf3 h5 12. g5 h4 13. b4 Be7 14. Nf1 Bh5 15. Rg1 Qd7 16. Ne3 a5 17. b5 Na7 18. a4 0-0-0 19. Ng4 Rdf8 20. Nxh4 Bxg4 21. Rxg4 Rh7 22. Bf1 Kb8 23. Nf3 Nac8 24. h4 Bd8 25. Qc2 Rfh8 26. Bf4 Ne7 27. Bh3 Ng6 28. Bg3 Nc8 29. Bf1 Nce7 30. Rb1 b6 31. Bg2 Nf5 32. Qxf5 exf5 33. e6+ Qc7 34. Bxc7+ Bxc7 35. Rg3 fxe6 36. Rh3 Nf4 37. Rh2 Nd3+ 38. Kf1 Bxh2 39. Nxh2 Rxh4 40. Nf3 Rg4 41. Ne5 Nxe5 42. dxe5 Rxg5 43. Re1 Rh2 44. Bf3 Rh3 45. Bg2 f4 0-1

[Event "Florianopolis op 6th"]
[Site "Florianopolis"]
[Date "2020.01.20"]
[Round "1"]
[White "Pertuzatti, Daniel"]
[Black "Guimaraes, Diogo Duarte"]
[Result "0-1"]
[WhiteElo "1937"]
[BlackElo "2292"]
[PlyCount "75"]
[EventDate "2020.01.20"]
[EventType "swiss"]
[EventRounds "10"]
[EventCountry "BRA"]
[SourceTitle "CBM 194 Extra"]
[Source "ChessBase"]
[SourceDate "2020.03.31"]
[SourceVersion "1"]
[SourceVersionDate "2020.03.31"]
[SourceQuality "1"]

1. e4 e5 2. f4 d5 3. Nc3 exf4 4. Nf3 dxe4 5. Nxe4 Bf5 6. d3 Bxe4 7. dxe4 Qxd1+ 8. Kxd1 Nc6 9. Bxf4 Nf6 10. Bd3 0-0-0 11. Kc1 Bc5 12. a3 Ng4 13. Re1 f6 14. h3 Nf2 15. Kd2 Rhe8 16. Kc3 Nd4 17. Bg3 Nxf3 18. gxf3 Nxh3 19. Rh1 Ng5 20. Raf1 h6 21. Bf2 Bd6 22. Be3 Be5+ 23. Kb3 Ne6 24. f4 Bd4 25. Bxd4 Rxd4 26. Kc3 Red8 27. e5 fxe5 28. Bf5 R8d6 29. fxe5 Rc6+ 30. Kb3 Kd8 31. Rhg1 g5 32. Rh1 Rf4 33. Rxf4 gxf4 34. Ka2 Ng5 35. Rd1+ Ke7 36. b4 f3 37. Kb3 f2 38. b5 0-1

[Event "Sao Bento do Sul op"]
[Site "Sao Bento do Sul"]
[Date "2019.08.25"]
[Round "7"]
[White "Volkmann, Andre Jordi"]
[Black "Pertuzatti, Daniel"]
[Result "1-0"]
[WhiteElo "2022"]
[BlackElo "1935"]
[PlyCount "45"]
[EventDate "2019.08.23"]
[EventType "swiss"]
[EventRounds "7"]
[EventCountry "BRA"]
[SourceTitle "EXT 2020"]
[Source "ChessBase"]
[SourceDate "2019.10.17"]
[SourceVersion "1"]
[SourceVersionDate "2019.10.17"]
[SourceQuality "1"]

1. d4 d5 2. c4 e5 3. dxe5 d4 4. Nf3 Nc6 5. g3 Nge7 6. Bg2 Ng6 7. 0-0 Ngxe5 8. Nxe5 Nxe5 9. b3 c5 10. Bb2 Bd6 11. e3 dxe3 12. f4 Ng4 13. Bxg7 Rg8 14. Bb2 Qe7 15. Qe2 Nf2 16. Nc3 Nh3+ 17. Bxh3 Bxh3 18. Nd5 Bxf1 19. Rxf1 Qe6 20. Nf6+ Ke7 21. Rf3 Qf5 22. Rxe3+ Kf8 23. Re8+ 1-0